ბათუმის შოთა რუსთაველის სახელმწიფო უნივერსიტეტის ბიბლიოთეკა

Теория переходной экономики. (ბიბ.ჩანაწერი № 37098)

000 -LEADER
fixed length control field 00677nam a2200241Ia 4500
001 - CONTROL NUMBER
control field 3054
003 - CONTROL NUMBER IDENTIFIER
control field GE_BSU
008 - FIXED-LENGTH DATA ELEMENTS--GENERAL INFORMATION
fixed length control field 181216s||||||||xx |||||||||||||| ||und||
020 ## - INTERNATIONAL STANDARD BOOK NUMBER
International Standard Book Number 5721800844
040 ## - CATALOGING SOURCE
Transcribing agency GE_BSU
080 ## - UNIVERSAL DECIMAL CLASSIFICATION NUMBER
Universal Decimal Classification number 330.1(075.8)
245 ## - TITLE STATEMENT
Title Теория переходной экономики.
245 ## - TITLE STATEMENT
Remainder of title Макроэкономика:Учебное пособие
245 ## - TITLE STATEMENT
Statement of responsibility, etc. Под. ред. Е.В. Красниковой
250 ## - EDITION STATEMENT
Edition statement Т.2.
260 ## - PUBLICATION, DISTRIBUTION, ETC.
Place of publication, distribution, etc. Москва
260 ## - PUBLICATION, DISTRIBUTION, ETC.
Name of publisher, distributor, etc. ТЕИС
260 ## - PUBLICATION, DISTRIBUTION, ETC.
Date of publication, distribution, etc. 1998
300 ## - PHYSICAL DESCRIPTION
Extent 231 с. 20 см.
653 ## - INDEX TERM--UNCONTROLLED
Uncontrolled term теория переходной экономики
942 ## - ADDED ENTRY ELEMENTS (KOHA)
Koha item type წიგნი
ეგზემპლარები
Withdrawn status Lost status Damaged status Not for loan Date acquired Barcode Date last seen Price effective from Koha item type Public note
        2018-12-17 7996 2018-12-17 2018-12-17 წიგნი დარბაზი